[Event "Skalica op-A"]
[Site "Skalica"]
[Date "2023.08.22"]
[Round "4"]
[White "Slaba, Andrea"]
[Black "Kuna, Patrik"]
[Result "1-0"]
[WhiteElo "2048"]
[BlackElo "1921"]
[PlyCount "79"]
[EventDate "2023.08.19"]
[EventType "swiss"]
[EventRounds "9"]
[EventCountry "SVK"]
[SourceTitle "CBM 215 Extra"]
[Source "ChessBase"]
[SourceDate "2023.09.30"]
[SourceVersion "1"]
[SourceVersionDate "2023.09.30"]
[SourceQuality "1"]

1. d4 d5 2. c4 e6 3. Nc3 Nf6 4. Bg5 Nbd7 5. cxd5 exd5 6. e3 c6 7. Bd3 Be7 8. Nf3 0-0 9. 0-0 Ne4 10. Bxe7 Qxe7 11. Qc2 f5 12. Rae1 Ndf6 13. Ne5 Be6 14. f3 Nd6 15. b4 a6 16. Na4 Nd7 17. Nxd7 Qxd7 18. Nb6 Qf7 19. Nxa8 Rxa8 20. a4 Bd7 21. Qc5 Qe6 22. Rf2 Re8 23. Rfe2 Qg6 24. Qc2 Qf6 25. Qc3 Qh4 26. Qb3 Kh8 27. b5 axb5 28. axb5 Qf6 29. bxc6 Bxc6 30. Qb4 f4 31. exf4 Rxe2 32. Rxe2 Qxf4 33. Re6 Ne4 34. Qe1 Nf6 35. Qe3 Qb8 36. Qe5 Qa7 37. h3 Qa1+ 38. Kh2 Qc3 39. Bf5 Bd7 40. Rxf6 1-0

[Event "SVK-ch Amateurs"]
[Site "Liptovsky Jan"]
[Date "2023.06.18"]
[Round "7"]
[White "Slaba, Andrea"]
[Black "Holly, Andrej"]
[Result "1/2-1/2"]
[WhiteElo "2030"]
[BlackElo "2158"]
[PlyCount "67"]
[EventDate "2023.06.15"]
[EventType "swiss"]
[EventRounds "8"]
[EventCountry "SVK"]
[SourceTitle "CBM 214 Extra"]
[Source "ChessBase"]
[SourceDate "2023.07.31"]
[SourceVersion "1"]
[SourceVersionDate "2023.07.31"]
[SourceQuality "1"]

1. d4 Nf6 2. c4 e6 3. Nc3 d5 4. cxd5 Nxd5 5. e4 Nxc3 6. bxc3 c5 7. Nf3 cxd4 8. cxd4 Bb4+ 9. Bd2 Bxd2+ 10. Qxd2 0-0 11. Bc4 Nd7 12. 0-0 b6 13. Rfe1 Bb7 14. Rad1 Rc8 15. Bd3 Re8 16. Qe3 e5 17. Bb5 Bc6 18. Bxc6 Rxc6 19. Nxe5 Qc7 20. f4 Nxe5 21. dxe5 Rc2 22. Rc1 Rc8 23. Rxc2 Qxc2 24. Re2 Qd1+ 25. Re1 Qc2 26. Re2 Qd1+ 27. Re1 Qg4 28. h3 Qd7 29. Kh2 h6 30. Re2 Qa4 31. Qf3 Qd4 32. Qf2 Qa4 33. Qf3 Qd4 34. Qf2 1/2-1/2

[Event "SVK-ch Amateurs"]
[Site "Liptovsky Jan"]
[Date "2023.06.17"]
[Round "5"]
[White "Slaba, Andrea"]
[Black "Gollner, Martin"]
[Result "1-0"]
[WhiteElo "2030"]
[BlackElo "1798"]
[PlyCount "95"]
[EventDate "2023.06.15"]
[EventType "swiss"]
[EventRounds "8"]
[EventCountry "SVK"]
[SourceTitle "CBM 214 Extra"]
[Source "ChessBase"]
[SourceDate "2023.07.31"]
[SourceVersion "1"]
[SourceVersionDate "2023.07.31"]
[SourceQuality "1"]

1. d4 Nf6 2. Nf3 g6 3. g3 Bg7 4. Bg2 0-0 5. 0-0 d5 6. c4 c6 7. Bf4 Nbd7 8. Nc3 dxc4 9. e4 Nb6 10. Qc2 Bg4 11. Rad1 Qe8 12. h3 Bxf3 13. Bxf3 Nfd7 14. e5 f5 15. a4 e6 16. a5 Nd5 17. Bc1 b5 18. axb6 axb6 19. Nb1 b5 20. b3 N7b6 21. bxc4 Nxc4 22. Be2 Ncb6 23. Nc3 Rf7 24. g4 Bf8 25. gxf5 Nxc3 26. Qxc3 Nd5 27. Qd3 Rxf5 28. Bg4 Rf7 29. Kh1 b4 30. h4 Rb7 31. Qh3 b3 32. Bxe6+ Kh8 33. Bd2 b2 34. h5 Ra3 35. f3 gxh5 36. Bf5 Ra4 37. Qh4 Qxe5 38. Qxh5 Qxd4 39. Bg5 Qe5 40. Bb1 h6 41. Rg1 Nf4 42. Qh2 h5 43. Rd8 Rf7 44. Qc2 Raa7 45. Qxc6 Ne6 46. Re8 Rg7 47. Be7 Rgxe7 48. Rxf8+ 1-0

[Event "SVK-ch Amateurs"]
[Site "Liptovsky Jan"]
[Date "2023.06.16"]
[Round "3"]
[White "Petrovsky, Jan"]
[Black "Slaba, Andrea"]
[Result "0-1"]
[WhiteElo "1774"]
[BlackElo "2030"]
[PlyCount "89"]
[EventDate "2023.06.15"]
[EventType "swiss"]
[EventRounds "8"]
[EventCountry "SVK"]
[SourceTitle "CBM 214 Extra"]
[Source "ChessBase"]
[SourceDate "2023.07.31"]
[SourceVersion "1"]
[SourceVersionDate "2023.07.31"]
[SourceQuality "1"]

1. Nf3 Nf6 2. d4 g6 3. c3 Bg7 4. Bf4 0-0 5. h3 d6 6. Nbd2 Nbd7 7. e3 c5 8. Be2 b6 9. 0-0 Bb7 10. Rc1 Rc8 11. Re1 Rc7 12. Qb3 Qa8 13. c4 cxd4 14. exd4 Ne4 15. Nxe4 Bxe4 16. Qd1 Bb7 17. Qd2 Nf6 18. d5 b5 19. b3 bxc4 20. bxc4 Rfc8 21. Bd3 Ba6 22. Qe2 Rb8 23. Rb1 Rcb7 24. Rxb7 Rxb7 25. Be3 Nd7 26. Bd4 Bxd4 27. Nxd4 Ne5 28. f4 Nxd3 29. Qxd3 Rc7 30. Nc6 e6 31. Qd4 Bb7 32. Na5 Bc8 33. dxe6 Bxe6 34. Qxd6 Rd7 35. Qe5 Rd2 36. Re2 Rxe2 37. Qxe2 Qb8 38. Qd2 Qb6+ 39. Kh2 Qc7 40. Nb3 Qxc4 41. g3 h5 42. Qf2 a6 43. Qd2 Bd5 44. Qf2 Qe4 45. Qg1 0-1

[Event "SVK-ch Amateurs"]
[Site "Liptovsky Jan"]
[Date "2023.06.15"]
[Round "2"]
[White "Slaba, Andrea"]
[Black "Passer, Lukas"]
[Result "1/2-1/2"]
[WhiteElo "2030"]
[BlackElo "1780"]
[PlyCount "91"]
[EventDate "2023.06.15"]
[EventType "swiss"]
[EventRounds "8"]
[EventCountry "SVK"]
[SourceTitle "CBM 214 Extra"]
[Source "ChessBase"]
[SourceDate "2023.07.31"]
[SourceVersion "1"]
[SourceVersionDate "2023.07.31"]
[SourceQuality "1"]

1. d4 Nf6 2. Nf3 g6 3. g3 Bg7 4. Bg2 0-0 5. 0-0 c5 6. d5 d6 7. c4 Na6 8. Nc3 Nc7 9. e4 Bd7 10. a4 b6 11. Re1 a6 12. e5 Nfe8 13. Bf4 dxe5 14. Nxe5 Nd6 15. Nxd7 Qxd7 16. Qe2 Rfe8 17. Ne4 Bd4 18. Qc2 Rac8 19. Rad1 Nxe4 20. Bxe4 e5 21. dxe6 Nxe6 22. Be3 Qc7 23. Bd5 Bxe3 24. fxe3 Rcd8 25. Qc3 Rd6 26. Rf1 Qd8 27. Rf6 Re7 28. Rdf1 Qd7 29. Qe5 b5 30. axb5 axb5 31. b3 bxc4 32. bxc4 Ra6 33. Qb8+ Kg7 34. Qb2 Kg8 35. Qb8+ Kg7 36. Qe5 Kg8 37. Rb1 Nd8 38. Qf4 Rxf6 39. Qxf6 Rxe3 40. Rb8 Re1+ 41. Kf2 Re8 42. h4 Qc7 43. Ra8 Qd7 44. Rb8 Qc7 45. Ra8 Qd7 46. Rb8 1/2-1/2

[Event "EU-ch (Women) 23rd"]
[Site "Petrovac"]
[Date "2023.03.25"]
[Round "7"]
[White "Ibrahimova, Sabina Oqtay"]
[Black "Slaba, Andrea"]
[Result "1-0"]
[WhiteElo "2207"]
[BlackElo "2061"]
[PlyCount "117"]
[EventDate "2023.03.18"]
[EventType "swiss"]
[EventRounds "11"]
[EventCountry "MNE"]
[SourceTitle "CBM 213 Extra"]
[Source "ChessBase"]
[SourceDate "2023.05.31"]
[SourceVersion "1"]
[SourceVersionDate "2023.05.31"]
[SourceQuality "1"]

1. e4 c6 2. d4 d5 3. f3 g6 4. Nc3 Bg7 5. Be3 dxe4 6. fxe4 Nf6 7. Nf3 Ng4 8. Bf4 e5 9. dxe5 Qxd1+ 10. Rxd1 Nd7 11. e6 fxe6 12. h3 Nge5 13. Nd4 Nb6 14. Be2 0-0 15. 0-0 Nf7 16. Bc1 Bd7 17. a4 Ne5 18. a5 Rxf1+ 19. Bxf1 Nbc4 20. Nb3 Be8 21. Nc5 Nxa5 22. Nxe6 Bf6 23. Bf4 Nac4 24. b3 Nb6 25. Ne2 Nbd7 26. N2d4 Bf7 27. Ng5 a6 28. Ndf3 Re8 29. Be2 Re7 30. Bc1 Re8 31. Rf1 h6 32. Nxe5 Nxe5 33. Rxf6 hxg5 34. Rd6 Be6 35. Kf2 Nf7 36. Rd1 Ra8 37. Ke3 a5 38. Kd4 b6 39. Rf1 a4 40. Rf6 Nd8 41. Bxg5 Bf7 42. Kc3 axb3 43. cxb3 Ne6 44. Be3 Kg7 45. Rf1 c5 46. Bc4 Ra2 47. g4 Nd8 48. Bg5 Bxc4 49. Kxc4 Nc6 50. Kb5 Nd4+ 51. Kc4 Rc2+ 52. Kd5 Nxb3 53. Ke6 Re2 54. Bf6+ Kg8 55. e5 Rd2 56. Bg5 Rd3 57. Ke7 Nd4 58. Rf8+ Kg7 59. Bf6+ 1-0

[Event "EU-ch (Women) 23rd"]
[Site "Petrovac"]
[Date "2023.03.21"]
[Round "4"]
[White "Slaba, Andrea"]
[Black "Gueci, Tea"]
[Result "1-0"]
[WhiteElo "2061"]
[BlackElo "2227"]
[PlyCount "127"]
[EventDate "2023.03.18"]
[EventType "swiss"]
[EventRounds "11"]
[EventCountry "MNE"]
[SourceTitle "CBM 213 Extra"]
[Source "ChessBase"]
[SourceDate "2023.05.31"]
[SourceVersion "1"]
[SourceVersionDate "2023.05.31"]
[SourceQuality "1"]

1. Nf3 d5 2. d4 e6 3. c4 a6 4. cxd5 exd5 5. Nc3 h6 6. Bf4 Nf6 7. h3 Bd6 8. Bxd6 Qxd6 9. Qc2 0-0 10. e3 Be6 11. Bd3 Nbd7 12. 0-0 c5 13. dxc5 Nxc5 14. Nd4 Rac8 15. Rad1 Qe5 16. Qb1 Rfd8 17. Nce2 Nfe4 18. Nf4 Bd7 19. Nf3 Qe8 20. Nd4 Bc6 21. Rfe1 Rc7 22. f3 Nd6 23. Bf1 Re7 24. Kf2 a5 25. Rc1 Ne6 26. Ndxe6 fxe6 27. Bd3 g5 28. Ng6 Rg7 29. Ne5 Bb5 30. Ng4 Qf8 31. Nxh6+ Kh8 32. Ng4 Bxd3 33. Qxd3 Nf5 34. Qc3 Qd6 35. Qe5 Qb6 36. Nf6 Qd6 37. Qxd6 Nxd6 38. Ng4 Rdd7 39. Rc2 a4 40. Ne5 Rd8 41. Rec1 Nc4 42. Nd3 Ra8 43. Rh1 Rh7 44. g3 Rf8 45. b3 axb3 46. axb3 Nd6 47. g4 Ra8 48. Kg3 Ra3 49. Rb2 Nc4 50. bxc4 Rxd3 51. cxd5 exd5 52. Rhb1 Re7 53. Rb3 Rexe3 54. Rxd3 Rxd3 55. Rxb7 Kg8 56. Re7 Rd1 57. Re5 Kf7 58. Rxg5 Kf6 59. Rf5+ Kg6 60. h4 d4 61. h5+ Kg7 62. Kf4 d3 63. Rd5 Kf7 64. Ke3 1-0

[Event "EU-ch (Women) 23rd"]
[Site "Petrovac"]
[Date "2023.03.20"]
[Round "3"]
[White "Recica, Jona"]
[Black "Slaba, Andrea"]
[Result "0-1"]
[WhiteElo "1231"]
[BlackElo "2061"]
[PlyCount "88"]
[EventDate "2023.03.18"]
[EventType "swiss"]
[EventRounds "11"]
[EventCountry "MNE"]
[SourceTitle "CBM 213 Extra"]
[Source "ChessBase"]
[SourceDate "2023.05.31"]
[SourceVersion "1"]
[SourceVersionDate "2023.05.31"]
[SourceQuality "1"]

1. e4 c6 2. d4 d5 3. Nc3 dxe4 4. Nxe4 Bf5 5. Ng3 Bg6 6. h4 h6 7. h5 Bh7 8. Nf3 Nd7 9. Bd3 Bxd3 10. Qxd3 Ngf6 11. Bf4 e6 12. 0-0-0 Be7 13. Ne4 Nxe4 14. Qxe4 Nf6 15. Qe2 Qd5 16. c4 Qe4 17. Qxe4 Nxe4 18. Ne5 f5 19. Rhf1 0-0 20. Be3 Bg5 21. f4 Bf6 22. Ng6 Rfd8 23. Rf3 Rac8 24. Bg1 Nd6 25. c5 Ne4 26. Re3 b6 27. cxb6 axb6 28. Rb3 b5 29. Kb1 Rb8 30. Rdd3 Kf7 31. Ra3 Ra8 32. Rxa8 Rxa8 33. Ne5+ Bxe5 34. dxe5 Ke7 35. Re3 Rd8 36. Re1 Rd5 37. Bh2 Rd2 38. Rg1 c5 39. b3 Nc3+ 40. Kc1 Rxa2 41. Re1 Rxg2 42. Rh1 Ra2 43. Bg1 Ne4 44. Kb1 Re2 0-1

[Event "SVK-chT3A2 2223"]
[Site "Slovakia"]
[Date "2023.02.05"]
[Round "6.1"]
[White "Horecky, Peter"]
[Black "Slaba, Andrea"]
[Result "0-1"]
[WhiteElo "1977"]
[BlackElo "2045"]
[PlyCount "164"]
[EventDate "2022.10.16"]
[EventType "team-tourn"]
[EventRounds "9"]
[EventCountry "SVK"]
[SourceTitle "EXT 2024"]
[Source "ChessBase"]
[SourceDate "2023.10.10"]
[SourceVersion "1"]
[SourceVersionDate "2023.10.10"]
[SourceQuality "1"]
[WhiteTeam "Surovce"]
[BlackTeam "Piestany Kupele II"]
[WhiteTeamCountry "SVK"]
[BlackTeamCountry "SVK"]

1. d4 Nf6 2. c4 c5 3. d5 b5 4. g3 Bb7 5. Bg2 e6 6. e4 bxc4 7. Nc3 d6 8. Nge2 exd5 9. exd5 Be7 10. Qa4+ Nbd7 11. Qxc4 0-0 12. 0-0 Ne5 13. Qb3 Rb8 14. Qc2 Qc8 15. f4 Ned7 16. h3 Nb6 17. Rd1 h5 18. Be3 Nc4 19. Bf2 Ba6 20. b3 Na3 21. Qb2 Nb5 22. Nxb5 Bxb5 23. Rac1 Qf5 24. Qc2 Qxc2 25. Rxc2 Bd7 26. Nc3 Bf5 27. Re2 Bd8 28. Na4 Nd7 29. Nc3 Nf6 30. Na4 Ba5 31. Nb2 Rfe8 32. Rxe8+ Rxe8 33. Nc4 Bc7 34. Ne3 Bd7 35. Kh2 Ne4 36. Bxe4 Rxe4 37. Kg2 Kf8 38. Kf3 Re8 39. g4 a5 40. Rc1 Rb8 41. Be1 Rb7 42. f5 a4 43. bxa4 Bxa4 44. Nc4 hxg4+ 45. hxg4 Ke7 46. Bh4+ Kd7 47. Re1 f6 48. g5 Rb4 49. gxf6 gxf6 50. Re4 Bd1+ 51. Ke3 Bc2 52. Rf4 Bd8 53. a3 Rb8 54. Rg4 Be7 55. Rg7 Rf8 56. Kf4 Ke8 57. Ne3 Bb3 58. Ke4 Rh8 59. Bg3 Kf8 60. Rg6 Kf7 61. Ng4 Rh5 62. Nh6+ Ke8 63. Ng4 Bc2+ 64. Ke3 Rxf5 65. Kd2 Rf2+ 66. Bxf2 Bxg6 67. Bg3 Kd7 68. Bf4 Be4 69. Ne3 Bd8 70. Kc3 Ba5+ 71. Kc4 Kc7 72. Ng4 Bg6 73. Nxf6 Be1 74. Ng4 Bh5 75. Nf6 Be2+ 76. Kb3 c4+ 77. Kb2 c3+ 78. Kc2 Bb5 79. Ne4 Ba4+ 80. Kc1 Bb3 81. Bxd6+ Kd8 82. Nf6 Bd2+ 0-1

[Event "SVK-chT3A2 2223"]
[Site "Slovakia"]
[Date "2022.11.06"]
[Round "2.1"]
[White "Diviak, Rastislav"]
[Black "Slaba, Andrea"]
[Result "1/2-1/2"]
[WhiteElo "2010"]
[BlackElo "2045"]
[PlyCount "80"]
[EventDate "2022.10.16"]
[EventType "team-tourn"]
[EventRounds "9"]
[EventCountry "SVK"]
[SourceTitle "EXT 2024"]
[Source "ChessBase"]
[SourceDate "2023.10.10"]
[SourceVersion "1"]
[SourceVersionDate "2023.10.10"]
[SourceQuality "1"]
[WhiteTeam "Senica CVC"]
[BlackTeam "Piestany Kupele II"]
[WhiteTeamCountry "SVK"]
[BlackTeamCountry "SVK"]

1. e4 c6 2. d4 d5 3. exd5 cxd5 4. c4 Nf6 5. Nc3 Nc6 6. Nf3 g6 7. cxd5 Nxd5 8. Bc4 Nxc3 9. bxc3 Bg7 10. 0-0 0-0 11. Bf4 Na5 12. Bd3 Be6 13. Ng5 Bc4 14. Bxc4 Nxc4 15. Qd3 Nd6 16. Qh3 h6 17. Nf3 Qc8 18. Qxc8 Raxc8 19. Rfe1 Rfe8 20. Rab1 b6 21. Rb3 Nc4 22. Ne5 Bf8 23. Nxc4 Rxc4 24. Ra3 Ra8 25. Rb3 Ra4 26. a3 e6 27. Bc1 Rc8 28. Kf1 Ra5 29. Re4 Rc4 30. Ke2 Rca4 31. Kd3 Bxa3 32. Bxh6 Bf8 33. Bxf8 Kxf8 34. c4 Ra2 35. Re2 Rxe2 36. Kxe2 Ke7 37. h4 e5 38. d5 Ra2+ 39. Ke3 Rc2 40. Ra3 Rxc4 1/2-1/2

[Event "SVK-ch Blitz"]
[Site "Nitra"]
[Date "2022.10.29"]
[Round "12"]
[White "Kotlar, Maros"]
[Black "Slaba, Andrea"]
[Result "0-1"]
[WhiteElo "1689"]
[BlackElo "1933"]
[PlyCount "60"]
[EventDate "2022.10.29"]
[EventType "swiss"]
[EventRounds "13"]
[EventCountry "SVK"]
[SourceTitle "EXT 2024"]
[Source "ChessBase"]
[SourceDate "2023.10.10"]
[SourceVersion "1"]
[SourceVersionDate "2023.10.10"]
[SourceQuality "1"]

1. e4 c6 2. Nf3 d5 3. exd5 cxd5 4. d4 Nc6 5. Bd3 Bg4 6. c3 e6 7. 0-0 Bd6 8. h3 Bh5 9. Be3 Nge7 10. Nbd2 f6 11. Be2 Bf7 12. Re1 0-0 13. Nf1 h6 14. Bd3 e5 15. dxe5 fxe5 16. Bc2 Bh5 17. Ng3 Bxf3 18. gxf3 Qd7 19. Kg2 Qe6 20. Qd3 g6 21. Bb3 Rad8 22. Rad1 Bc7 23. Bxh6 Rf7 24. Bg5 Kg7 25. h4 Na5 26. Bc2 Nc4 27. Rb1 Bb6 28. h5 e4 29. fxe4 Rxf2+ 30. Kg1 Rd2+ 0-1

[Event "SVK-ch Blitz"]
[Site "Nitra"]
[Date "2022.10.29"]
[Round "3"]
[White "Slaba, Andrea"]
[Black "Loffay, Pavol"]
[Result "0-1"]
[WhiteElo "1933"]
[BlackElo "1673"]
[PlyCount "78"]
[EventDate "2022.10.29"]
[EventType "swiss"]
[EventRounds "13"]
[EventCountry "SVK"]
[SourceTitle "EXT 2024"]
[Source "ChessBase"]
[SourceDate "2023.10.10"]
[SourceVersion "1"]
[SourceVersionDate "2023.10.10"]
[SourceQuality "1"]

1. d4 f5 2. e4 fxe4 3. Nc3 Nf6 4. Bg5 e6 5. Nxe4 Be7 6. Bxf6 Bxf6 7. c3 b6 8. Bd3 Bb7 9. Qe2 Qe7 10. Nf3 d6 11. 0-0 0-0 12. Rfe1 Re8 13. Ng3 Nd7 14. Be4 Bxe4 15. Qxe4 Qf7 16. Qc6 Rec8 17. Qc4 Nf8 18. a4 a5 19. b4 axb4 20. cxb4 Re8 21. a5 Ng6 22. axb6 Rxa1 23. Rxa1 cxb6 24. Qc6 e5 25. dxe5 dxe5 26. Ne4 Qe6 27. Qb5 Nf4 28. g3 Nd5 29. Rd1 Rd8 30. Nc3 e4 31. Nxd5 exf3 32. Nxf6+ Qxf6 33. Qc4+ Kh8 34. Rxd8+ Qxd8 35. h4 h6 36. Qf4 Qd5 37. Qb8+ Kh7 38. Qxb6 Qf5 39. Kh2 Qe4 0-1

[Event "SVK-ch Blitz"]
[Site "Nitra"]
[Date "2022.10.29"]
[Round "7"]
[White "Slaba, Andrea"]
[Black "Sosovickova, Martina"]
[Result "1/2-1/2"]
[WhiteElo "1933"]
[BlackElo "1605"]
[PlyCount "125"]
[EventDate "2022.10.29"]
[EventType "swiss"]
[EventRounds "13"]
[EventCountry "SVK"]
[SourceTitle "EXT 2024"]
[Source "ChessBase"]
[SourceDate "2023.10.10"]
[SourceVersion "1"]
[SourceVersionDate "2023.10.10"]
[SourceQuality "1"]

1. d4 d5 2. c4 e6 3. Nc3 Nf6 4. Bg5 Be7 5. e3 h6 6. Bh4 0-0 7. Nf3 b6 8. Bd3 Bb7 9. 0-0 a6 10. a4 dxc4 11. Bxc4 Nbd7 12. Qe2 c5 13. Rfd1 Qc7 14. Bg3 Qc6 15. d5 exd5 16. Nxd5 Nxd5 17. Bxd5 Qc8 18. e4 Nf6 19. Bxb7 Qxb7 20. e5 Nd5 21. Qc4 Nb4 22. e6 Bf6 23. Rd7 Qc6 24. Rxf7 Rae8 25. Rxf8+ Kxf8 26. Re1 Re7 27. Ne5 Bxe5 28. Bxe5 Nd5 29. Qg4 Nf6 30. Bxf6 gxf6 31. f4 Qd6 32. f5 Qd2 33. Qe2 Qd4+ 34. Kh1 Qf4 35. Qd3 Qh4 36. Qd8+ Re8 37. e7+ Kf7 38. Qd5+ Kg7 39. Qe4 Qxe4 40. Rxe4 Kf7 41. g3 Rxe7 42. Rh4 Kg7 43. a5 b5 44. Rg4+ Kh7 45. Rg6 Re1+ 46. Kg2 Re2+ 47. Kh3 Rxb2 48. Rxf6 Rf2 49. Rxa6 Rxf5 50. Rb6 b4 51. Rb5 b3 52. Rxb3 c4 53. Ra3 Rc5 54. Rc3 Rxa5 55. Rxc4 Ra2 56. Rh4 Kg6 57. Kg4 Ra4+ 58. Kh3 Ra2 59. g4 Ra3+ 60. Kg2 Ra2+ 61. Kg3 Ra3+ 62. Kf2 Ra2+ 63. Kg3 1/2-1/2

[Event "SVK-ch Blitz"]
[Site "Nitra"]
[Date "2022.10.29"]
[Round "10"]
[White "Slaba, Andrea"]
[Black "Szaszak, Lukas"]
[Result "0-1"]
[WhiteElo "1933"]
[BlackElo "1530"]
[PlyCount "138"]
[EventDate "2022.10.29"]
[EventType "swiss"]
[EventRounds "13"]
[EventCountry "SVK"]
[SourceTitle "EXT 2024"]
[Source "ChessBase"]
[SourceDate "2023.10.10"]
[SourceVersion "1"]
[SourceVersionDate "2023.10.10"]
[SourceQuality "1"]

1. d4 d5 2. c4 Nf6 3. cxd5 Nxd5 4. e4 Nb6 5. Nc3 g6 6. Be3 Bg7 7. Nf3 Bg4 8. Be2 e6 9. 0-0 Nc6 10. e5 Nd5 11. Bg5 f6 12. exf6 Bxf6 13. Bxf6 Nxf6 14. Qb3 Rb8 15. Rad1 Qe7 16. h3 Bf5 17. Bb5 0-0 18. Rfe1 a6 19. Bc4 Nd8 20. d5 b5 21. Bf1 Kg7 22. a4 b4 23. Nb1 a5 24. Bc4 Re8 25. Nd4 Bxb1 26. Rxb1 e5 27. Nf3 Qd6 28. Rbd1 Nf7 29. Bb5 Re7 30. Bc6 e4 31. Nd4 Ne5 32. Qc2 Nd3 33. Re3 Nxd5 34. Nb5 Qc5 35. Qxc5 Nxc5 36. Bxd5 Rd8 37. Re2 Re5 38. Red2 Nd3 39. Bc4 c6 40. Na7 Rd7 41. Nxc6 Rc5 42. Bxd3 exd3 43. Rxd3 Rxd3 44. Rxd3 Rxc6 45. Rd5 Ra6 46. Kf1 Kf6 47. Rb5 h6 48. Ke2 Ke6 49. Kd3 Kd6 50. Kd4 h5 51. f4 Ra7 52. g4 Kc6 53. Re5 Rd7+ 54. Ke4 Rd2 55. Rxa5 Rxb2 56. Ra6+ Kb7 57. Rxg6 Rh2 58. gxh5 Rxh3 59. h6 b3 60. Rg1 Rxh6 61. Rb1 Rb6 62. Ke5 Kc7 63. f5 Kd7 64. f6 Re6+ 65. Kf5 Re3 66. Kg6 Ke6 67. a5 Rg3+ 68. Kh5 Kxf6 69. Rxb3 Rxb3 0-1

[Event "Trnava Reti Memorial op"]
[Site "Trnava"]
[Date "2022.08.12"]
[Round "3"]
[White "Slaba, Andrea"]
[Black "Mizicka, Matus"]
[Result "1-0"]
[WhiteElo "1996"]
[BlackElo "1922"]
[PlyCount "91"]
[EventDate "2022.08.11"]
[EventType "swiss"]
[EventRounds "7"]
[EventCountry "SVK"]
[SourceTitle "CBM 209 Extra"]
[Source "ChessBase"]
[SourceDate "2022.09.30"]
[SourceVersion "1"]
[SourceVersionDate "2022.09.30"]
[SourceQuality "1"]

1. Nf3 Nf6 2. c4 g6 3. Nc3 Bg7 4. e4 d6 5. d4 0-0 6. Be2 c6 7. h3 Nbd7 8. Be3 e5 9. d5 c5 10. g4 a6 11. a4 Ne8 12. Qd2 Qa5 13. g5 Nc7 14. Nh2 b5 15. cxb5 Rb8 16. Ra3 Nb6 17. Ng4 Qb4 18. Nf6+ Kh8 19. a5 Nc4 20. Bxc4 Qxc4 21. b6 Nb5 22. Nxb5 axb5 23. b3 Qb4 24. Qxb4 cxb4 25. Ra1 Bxf6 26. gxf6 Ba6 27. Bd2 Rbc8 28. Ke2 Rfd8 29. Rhc1 Kg8 30. Bxb4 Kf8 31. Rxc8 Rxc8 32. Bxd6+ Ke8 33. Bc7 Kd7 34. Bxe5 Re8 35. f4 g5 36. Ke3 gxf4+ 37. Kxf4 Rc8 38. Bc7 Rg8 39. Rc1 Rg2 40. Be5 b4 41. Rc7+ Kd8 42. b7 Bxb7 43. Rxb7 h5 44. a6 h4 45. a7 Ra2 46. Bd4 1-0

[Event "Piestany Slovakia op-B"]
[Site "Piestany"]
[Date "2022.07.17"]
[Round "8"]
[White "Slaba, Andrea"]
[Black "Rakovsky, Jakub"]
[Result "1-0"]
[WhiteElo "1969"]
[BlackElo "2015"]
[PlyCount "41"]
[EventDate "2022.07.11"]
[EventType "swiss"]
[EventRounds "9"]
[EventCountry "SVK"]
[SourceTitle "CBM 209 Extra"]
[Source "ChessBase"]
[SourceDate "2022.09.30"]
[SourceVersion "1"]
[SourceVersionDate "2022.09.30"]
[SourceQuality "1"]

1. d4 f5 2. e4 fxe4 3. Nc3 Nf6 4. Bg5 c6 5. f3 d5 6. fxe4 Nxe4 7. Nxe4 dxe4 8. Bc4 Nd7 9. Ne2 Nf6 10. 0-0 Bg4 11. h3 Bh5 12. g4 Bf7 13. Bxf7+ Kxf7 14. Ng3 h6 15. Bf4 Kg8 16. c3 Qd5 17. Qe2 e6 18. Be5 Bd6 19. c4 Bxe5 20. cxd5 Bxg3 21. dxc6 1-0

[Event "Piestany Slovakia op-B"]
[Site "Piestany"]
[Date "2022.07.14"]
[Round "5"]
[White "Jablonicky, Frantisek"]
[Black "Slaba, Andrea"]
[Result "1/2-1/2"]
[WhiteElo "2029"]
[BlackElo "1969"]
[PlyCount "42"]
[EventDate "2022.07.11"]
[EventType "swiss"]
[EventRounds "9"]
[EventCountry "SVK"]
[SourceTitle "CBM 209 Extra"]
[Source "ChessBase"]
[SourceDate "2022.09.30"]
[SourceVersion "1"]
[SourceVersionDate "2022.09.30"]
[SourceQuality "1"]

1. Nf3 d5 2. e3 Nf6 3. c4 e6 4. Nc3 Bd6 5. Qc2 a6 6. e4 dxe4 7. Nxe4 Nxe4 8. Qxe4 Nd7 9. b3 Qf6 10. Rb1 Qg6 11. Qxg6 hxg6 12. g3 b6 13. Bg2 Bb7 14. Nh4 Bxg2 15. Nxg2 e5 16. Bb2 Nc5 17. Ke2 Ne6 18. h4 0-0-0 19. Rbd1 Rhe8 20. Rhe1 f6 21. d3 Bc5 1/2-1/2

[Event "Piestany Slovakia op-B"]
[Site "Piestany"]
[Date "2022.07.13"]
[Round "3"]
[White "Slaba, Andrea"]
[Black "Juracak, David"]
[Result "1-0"]
[WhiteElo "1969"]
[BlackElo "1770"]
[PlyCount "43"]
[EventDate "2022.07.11"]
[EventType "swiss"]
[EventRounds "9"]
[EventCountry "SVK"]
[SourceTitle "CBM 209 Extra"]
[Source "ChessBase"]
[SourceDate "2022.09.30"]
[SourceVersion "1"]
[SourceVersionDate "2022.09.30"]
[SourceQuality "1"]

1. d4 d5 2. Nf3 Nf6 3. c4 e6 4. Nc3 Be7 5. Bg5 Nbd7 6. e3 0-0 7. c5 b6 8. c6 Nb8 9. Qa4 a6 10. Ne5 Qe8 11. Rc1 h6 12. Bh4 Nh7 13. Bxe7 Qxe7 14. Bd3 Rd8 15. Nb5 Nf6 16. 0-0 Ne8 17. Bb1 Nd6 18. Nxd6 Rxd6 19. Qc2 g6 20. f4 f6 21. Qxg6+ Qg7 22. Qe8+ 1-0

[Event "Piestany Slovakia op-B"]
[Site "Piestany"]
[Date "2022.07.12"]
[Round "2"]
[White "Zeman, Jan"]
[Black "Slaba, Andrea"]
[Result "0-1"]
[WhiteElo "1719"]
[BlackElo "1969"]
[PlyCount "70"]
[EventDate "2022.07.11"]
[EventType "swiss"]
[EventRounds "9"]
[EventCountry "SVK"]
[SourceTitle "CBM 209 Extra"]
[Source "ChessBase"]
[SourceDate "2022.09.30"]
[SourceVersion "1"]
[SourceVersionDate "2022.09.30"]
[SourceQuality "1"]

1. e4 c6 2. f4 d5 3. e5 Bf5 4. d4 e6 5. Nf3 c5 6. c3 Nc6 7. Bd3 Bxd3 8. Qxd3 cxd4 9. Nxd4 Nxd4 10. cxd4 Ne7 11. 0-0 Qb6 12. Nc3 Nc6 13. Ne2 Be7 14. Kh1 g6 15. a3 Na5 16. b4 Nc4 17. Nc3 0-0-0 18. Na4 Qc6 19. Nc3 Kb8 20. b5 Qd7 21. a4 Bb4 22. Na2 Ba5 23. Ba3 Nxa3 24. Qxa3 Rc8 25. Rfc1 Rc4 26. Rd1 Bb6 27. Qe3 Rxa4 28. Nc3 Rxa1 29. Rxa1 Rc8 30. Rb1 Rc4 31. Ne2 Qe7 32. Qd3 Qc7 33. g4 Rc2 34. f5 Qc4 35. Qxc4 dxc4 0-1

[Event "SVK-chT4 A21 2122"]
[Site "Slovakia"]
[Date "2022.05.15"]
[Round "6.1"]
[White "Vozarova, Adriana"]
[Black "Slaba, Andrea"]
[Result "1-0"]
[WhiteElo "1729"]
[BlackElo "1987"]
[PlyCount "43"]
[EventDate "2021.10.17"]
[EventType "team-tourn"]
[EventRounds "11"]
[EventCountry "SVK"]
[SourceTitle "EXT 2024"]
[Source "ChessBase"]
[SourceDate "2023.10.10"]
[SourceVersion "1"]
[SourceVersionDate "2023.10.10"]
[SourceQuality "1"]
[WhiteTeam "Stefanov"]
[BlackTeam "Chtelnica Kamenar"]
[WhiteTeamCountry "SVK"]
[BlackTeamCountry "SVK"]

1. e4 c6 2. d4 d5 3. f3 e6 4. Be3 dxe4 5. Nc3 exf3 6. Nxf3 Nf6 7. Bd3 Be7 8. 0-0 Nbd7 9. Ne5 Nxe5 10. dxe5 Nd5 11. Bd2 Nxc3 12. bxc3 0-0 13. Qh5 g6 14. Qg4 Qc7 15. Rae1 b6 16. h4 a5 17. h5 Bc5+ 18. Kh1 Ba6 19. hxg6 hxg6 20. Rf3 Rfd8 21. Bxg6 fxg6 22. Qxg6+ 1-0